00899nam a22001457a 4500008004100000020001800041050001500059100001700074245006900091260004400160300002400204500004500228521046600273700001400739160517b xxu||||| |||| 00| 0 eng d a9780176442392 aHM586.B792 aBrym, Robert aSociology:the points of the compass. /cRobert Brym and John Lie aToronto:bNelson Education Ltd,cc2009. axxvii,418p.:bill.; aIncludes glossary, references and index. aContents: Foundations: a sociological compass -- Basic social processes: culture -- socialization -- From social interaction to social organizations -- Deviance and crime -- Inequality: Social stratification:Canadian and the global perspectives -- Race and ethnicity --Sexuality and gender -- Institutions: Families -- Religion and education -- Social change: Technology, the environment, and social movements -- Glossary -- References -- Index -- Photo credits aLie, John